000 00640nam a2200229Ia 4500
003 OSt
005 20220928120805.0
006 a|||||r|||| 00| 0
007 ta
008 220927b |||||||| |||| 00| 0 eng d
024 _a33469
037 _cTextual
040 _aSDCL
_cSDCL
_beng
041 _2eng
_aeng
082 _aSigma:(B), M3
100 _aRapoport Anatol
_9451154
245 0 _aMathematical models in the social and behavioral sciences.
260 _aNew York
_b John Wiley and Sons
_c1983
300 _axii,507p
_ccm.
942 _hSigma:(B), M3
_cTEXL
_2CC
999 _c765252
_d765252